Dr. S. R. Lasker Library Online Catalogue

Home      Library Home      Institutional Repository      E-Resources      MyAthens      EWU Home

Principles of operations research : (Record no. 7073)

MARC details
000 -LEADER
fixed length control field 00876naa a2200277 a 4500
001 - CONTROL NUMBER
control field 7073
003 - CONTROL NUMBER IDENTIFIER
control field BD-DhEWU
005 - DATE AND TIME OF LATEST TRANSACTION
control field 20220223020549.0
008 - FIXED-LENGTH DATA ELEMENTS--GENERAL INFORMATION
fixed length control field 220223s1995 enka g b 001 0 eng d
020 ## - INTERNATIONAL STANDARD BOOK NUMBER
International Standard Book Number 0137095686
International Standard Book Number 9780137095681
035 ## - SYSTEM CONTROL NUMBER
System control number (OCLC)265446194
040 ## - CATALOGING SOURCE
Original cataloging agency DLC
Transcribing agency DLC
Modifying agency DLC
-- BD-DhEWU
Language of cataloging eng
041 ## - LANGUAGE CODE
Language code of text/sound track or separate title eng
082 00 - DEWEY DECIMAL CLASSIFICATION NUMBER
Classification number 658.4034
Item number WAP 1969
100 1# - MAIN ENTRY--PERSONAL NAME
Personal name Wagner, Harvey M.
9 (RLIN) 25485
245 10 - TITLE STATEMENT
Title Principles of operations research :
Remainder of title with applications to managerial decisions /
Statement of responsibility, etc Harvey M Wagner.
260 ## - PUBLICATION, DISTRIBUTION, ETC. (IMPRINT)
Place of publication, distribution, etc London :
Name of publisher, distributor, etc Prentice-Hall,
Date of publication, distribution, etc 1969.
300 ## - PHYSICAL DESCRIPTION
Extent Various pagination.
Other physical details ill. ;
Dimensions 24 cm.
490 ## - SERIES STATEMENT
Series statement Prentice-Hall international series in management
504 ## - BIBLIOGRAPHY, ETC. NOTE
Bibliography, etc Includes bibliographical references and index
526 ## - STUDY PROGRAM INFORMATION NOTE
Program name Economics
590 ## - LOCAL NOTE (RLIN)
Local note Sagar Shahanawaz
650 ## - SUBJECT ADDED ENTRY--TOPICAL TERM
Topical term or geographic name as entry element Operations research.
9 (RLIN) 25486
942 ## - ADDED ENTRY ELEMENTS (KOHA)
Source of classification or shelving scheme Dewey Decimal Classification
Koha item type Text
Holdings
Withdrawn status Lost status Source of classification or shelving scheme Damaged status Not for loan Collection code Home library Current library Shelving location Date acquired Total Checkouts Full call number Barcode Date last seen Price effective from Koha item type
    Dewey Decimal Classification   Not For Loan Non-fiction Dr. S. R. Lasker Library, EWU Dr. S. R. Lasker Library, EWU Reserve Section 19/01/2022   658.4034 WAP 1969 30592 23/02/2022 23/02/2022 Text